| 000 | 01052nam a2200217 i 4500 | ||
|---|---|---|---|
| 001 | 182566 | ||
| 003 | ES-MaACL | ||
| 005 | 20240514173355.0 | ||
| 008 | 130927s1867 sp a | |||||||| | spa d | ||
| 080 | _a94(460.351) | ||
| 100 | 1 |
_aGonzález Llana, Manuel. _958757 |
|
| 245 | 1 | 0 |
_aCrónica de la provincia de Córdoba / _cpor Manuel González Llana. |
| 260 |
_aMadrid : _bRubio y Compañía, _c1867. |
||
| 300 |
_a95 p., [5] h. de lám., [1] h. de mapas : _bil. ; _c32 cm. |
||
| 490 | 1 | _aCrónica general de España, o sea historia ilustrada y descriptiva de sus provincias, sus poblaciones más importantes de la península y de ultramar | |
| 651 | 4 |
_aCórdoba (Provincia)- _xHistoria. _9153461 |
|
| 651 | 4 |
_aCórdoba (Provincia)- _xDescripción. _9153462 |
|
| 830 | 0 |
_aCrónica general de España, o sea Historia ilustrada y descriptiva de sus provincias, sus poblaciones más importantes de la península y posesiones de Ultramar _9224862 |
|
| 852 |
_aES-MaACL _jC-1576(2) _z.- Encuadernado con otras obras |
||
| 999 |
_c182566 _d182566 |
||